Democracy and communism : (Record no. 106961)

MARC details
000 -LEADER
fixed length control field 01144nam a2200361 a 4500
001 - CONTROL NUMBER
control field vtls000102991
003 - CONTROL NUMBER IDENTIFIER
control field NLI
005 - DATE AND TIME OF LATEST TRANSACTION
control field 20210601201856.0
008 - FIXED-LENGTH DATA ELEMENTS--GENERAL INFORMATION
fixed length control field 101125s1967 enkab 001 0 eng
020 ## - INTERNATIONAL STANDARD BOOK NUMBER
Terms of availability USD 5.60
039 #9 - LEVEL OF BIBLIOGRAPHIC CONTROL AND CODING DETAIL [OBSOLETE]
-- 201011251142
-- VLOAD
040 ## - CATALOGING SOURCE
Original cataloging agency NLI
Language of cataloging eng
Transcribing agency DataSoft
Description conventions AACR2
041 0# - LANGUAGE CODE
Language code of text/sound track or separate title eng
044 ## - COUNTRY OF PUBLISHING/PRODUCING ENTITY CODE
MARC country code enk
082 04 - DEWEY DECIMAL CLASSIFICATION NUMBER
Classification number 321
100 1# - MAIN ENTRY--PERSONAL NAME
Personal name Allen, Richard V.
9 (RLIN) 215930
245 10 - TITLE STATEMENT
Title Democracy and communism :
Remainder of title theory and action /
Statement of responsibility, etc. Richard V. Allen, Hall Bartlett and Kenneth Collegrove
260 ## - PUBLICATION, DISTRIBUTION, ETC.
Place of publication, distribution, etc. London :
Name of publisher, distributor, etc. Institute of Fiscal and Political Education,
Date of publication, distribution, etc. 1967
300 ## - PHYSICAL DESCRIPTION
Extent viii, 520 p. :
Other physical details ill., maps ;
Dimensions 23 cm.
500 ## - GENERAL NOTE
General note Includes index
650 #0 - SUBJECT ADDED ENTRY--TOPICAL TERM
Topical term or geographic name entry element Communism
9 (RLIN) 1081
650 #0 - SUBJECT ADDED ENTRY--TOPICAL TERM
Topical term or geographic name entry element Democracy
9 (RLIN) 2011
650 #0 - SUBJECT ADDED ENTRY--TOPICAL TERM
Topical term or geographic name entry element World politics
650 #0 - SUBJECT ADDED ENTRY--TOPICAL TERM
Topical term or geographic name entry element Peace movement
9 (RLIN) 7563
700 1# - ADDED ENTRY--PERSONAL NAME
Personal name Bartlett, Hall,
Relationship jt.aut
9 (RLIN) 215931
700 1# - ADDED ENTRY--PERSONAL NAME
Personal name Collegrove, Kenneth,
Relationship jt.aut
9 (RLIN) 215932
710 2# - ADDED ENTRY--CORPORATE NAME
Corporate name or jurisdiction name as entry element Institute of Fiscal and Political Education,
Relationship pbl
9 (RLIN) 215933
887 ## - NON-MARC INFORMATION FIELD
Content of non-MARC field
901 ## - LOCAL DATA ELEMENT A, LDA (RLIN)
a 382697
b 03.10.1967
902 ## - LOCAL DATA ELEMENT B, LDB (RLIN)
a E321 Al54
949 ## - LOCAL PROCESSING INFORMATION (OCLC)
-- VIRTUAITEM
-- 10000
-- 100
6 PUR000382697ENG
942 ## - ADDED ENTRY ELEMENTS (KOHA)
Source of classification or shelving scheme Dewey Decimal Classification
Koha item type Books
Holdings
Withdrawn status Lost status Damaged status Not for loan Collection code Home library Current library Shelving location Date acquired Total Checkouts Full call number Barcode Date last seen Price effective from Koha item type
        New English National Library of India National Library of India New English - Main Stack Division     E321 Al54 PUR000382697ENG 01/06/2021 01/06/2021 Books
                                                                           
web counter

Copyright ©2020 The National Library of India, Govt. of India ↔ Hosted by NVLI, MOC ↔ Technology and Design by National Library of India, Ministry of Culture, Govt. of India